00233nam a22001097a 4500008004100000020001500041041000800056080000800064100000600072101000800078245003700086181102b xxu||||| |||| 00| 0 eng d a0300017413 aeng a610 a3 aSHM aThe Patient as Person cRamsey,P